000 00577nam a2200181Ia 4500
008 090123s9999 xx 000 0 und d
082 _b5990
100 _aअग्निहोत्री अ.श.
245 _aसती सावित्री
250 _a0
260 _bश्रीराम प्रकाशन
300 _a24
600 _aअग्निहोत्री अ.श.
630 _aसती सावित्री
700 _aअग्निहोत्री अ.श.
730 _aसती सावित्री
942 _cBOOK
999 _c44054
_d44054